Obchodné rokovanie, odlišnosti kultúr, etiketa v podnikaní

Salvato in:
Dettagli Bibliografici
Autore principale: Knapik, Peter
Natura: Capitolo di libro
Lingua:slovacco
Tags: Aggiungi Tag
Nessun Tag, puoi essere il primo ad aggiungerne!!

MARC

LEADER 00000naa$a2200000$$$4500
001 0066444
005 20240502071805.3
041 0 |a slo 
044 |a SK 
245 1 0 |a Obchodné rokovanie, odlišnosti kultúr, etiketa v podnikaní  |c Peter Knapik 
100 1 |a Knapik, Peter